| 000 | 00579nam a2200181Ia 4500 | ||
|---|---|---|---|
| 003 | GCL | ||
| 008 | 140319s9999 xx 000 0 ara d | ||
| 040 |
_aGCL / _cGCL |
||
| 082 | 0 | 4 |
_aق _b370.962 _bج ا |
| 100 | 1 | _aجرجس سلامة | |
| 245 | 1 | 0 |
_aاثر الاحتلال البريطانى فى التعليم القومى فى مصر 1882 - 1922 / _cجرجس سلامة |
| 300 | _a455 ص | ||
| 490 | _a | ||
| 650 | 0 | 4 | _aالاستعمار فى البلاد العربية |
| 650 | 0 | 4 | _aالتعليم - تاريخ |
| 650 | 0 | 4 | _aالتعليم - مصر |
| 942 |
_2ddc _cBK |
||
| 999 |
_c45759 _d45759 |
||